| 000 | 02281nam a2200265 a 4500 | ||
|---|---|---|---|
| 008 | 150127s2012 ||||||||||||||||| || u | ||
| 020 | _a9780199595587 | ||
| 050 | _aRD 27.7 Han | ||
| 100 | _aNair, Rajesh | ||
| 245 | 1 | 0 |
_aHandbook of surgical consent _cedited by Rajesh Nair and David J. Holroyd |
| 260 |
_aNew York: _bOxford University Press _c2012 |
||
| 300 | _axxi, 738p.: ill. | ||
| 650 | 0 | _aINFORMED CONSENT (MEDICAL LAW) | |
| 650 | 0 | _aSURGERY--HANDBOOKS, MANUALS, ETC | |
| 995 |
_aMEDICAL LIBRARY OPEN ACCESS _e902658 _FCBU-SCHOOL OF MEDICINE LIBRARY (Ndola) _jRD 27.7 Han _M6 _UAVAILABLE _WFeb 26, 2015 _y902658 _ZMedical Library Open Access Collection |
||
| 995 |
_aMEDICAL LIBRARY OPEN ACCESS _e902661 _FCBU-SCHOOL OF MEDICINE LIBRARY (Ndola) _jRD 27.7 Han _M9 _UAVAILABLE _WFeb 26, 2015 _y902661 _ZMedical Library Open Access Collection |
||
| 995 |
_aMEDICAL LIBRARY OPEN ACCESS _e902655 _FCBU-SCHOOL OF MEDICINE LIBRARY (Ndola) _jRD 27.7 Han _M3 _UAVAILABLE _WFeb 26, 2015 _y902655 _ZMedical Library Open Access Collection |
||
| 995 |
_aMEDICAL LIBRARY OPEN ACCESS _e902657 _FCBU-SCHOOL OF MEDICINE LIBRARY (Ndola) _jRD 27.7 Han _M5 _UAVAILABLE _WFeb 26, 2015 _y902657 _ZMedical Library Open Access Collection |
||
| 995 |
_aMEDICAL LIBRARY OPEN ACCESS _e902653 _FCBU-SCHOOL OF MEDICINE LIBRARY (Ndola) _jRD 27.7 Han _M1 _UAVAILABLE _WFeb 26, 2015 _y902653 _ZMedical Library Open Access Collection |
||
| 995 |
_aMEDICAL LIBRARY OPEN ACCESS _e902656 _FCBU-SCHOOL OF MEDICINE LIBRARY (Ndola) _jRD 27.7 Han _M4 _UAVAILABLE _WFeb 26, 2015 _y902656 _ZMedical Library Open Access Collection |
||
| 995 |
_aMEDICAL LIBRARY OPEN ACCESS _e902660 _FCBU-SCHOOL OF MEDICINE LIBRARY (Ndola) _jRD 27.7 Han _M8 _UAVAILABLE _WFeb 26, 2015 _y902660 _ZMedical Library Open Access Collection |
||
| 995 |
_aMEDICAL LIBRARY OPEN ACCESS _e902662 _FCBU-SCHOOL OF MEDICINE LIBRARY (Ndola) _jRD 27.7 Han _M10 _UAVAILABLE _WFeb 26, 2015 _y902662 _ZMedical Library Open Access Collection |
||
| 995 |
_aMEDICAL LIBRARY OPEN ACCESS _e902654 _FCBU-SCHOOL OF MEDICINE LIBRARY (Ndola) _jRD 27.7 Han _M2 _UAVAILABLE _WFeb 26, 2015 _y902654 _ZMedical Library Open Access Collection |
||
| 995 |
_aMEDICAL LIBRARY OPEN ACCESS _e902659 _FCBU-SCHOOL OF MEDICINE LIBRARY (Ndola) _jRD 27.7 Han _M7 _UAVAILABLE _WFeb 26, 2015 _y902659 _ZMedical Library Open Access Collection |
||
| 999 |
_c63938 _d63938 |
||